MARC

LEADER 00000nam0a2200000 4500
001 377310
005 20231102012912.0
035 |a (RuTPU)RU\TPU\retro\34759 
090 |a 377310 
100 |a 20230217d1978 m y0rusy50 ca 
101 0 |a rus 
102 |a RU 
105 |a a z 001zy 
200 1 |a Автоматизация систем управления магистральными газопроводами  |f Р. Я. Берман, В. С. Панкратов 
210 |a Ленинград  |c Недра  |d 1978 
215 |a 160 с.  |c ил. 
225 1 |a Библиотека эксплуатационника магистрального газопровода 
320 |a Библиогр.: с. 154-158 
606 1 |a Газопроводы  |2 stltpush  |3 (RuTPU)RU\TPU\subj\77802  |9 87770 
610 1 |a диспетчерский контроль 
610 1 |a оптимизация 
610 1 |a газовая промышленность 
610 1 |a АСУ 
610 1 |a ЭВМ 
675 |a 622.691.4  |v 4 
700 1 |a Берман  |b Р. Я.  |g Рем Яковлевич 
701 1 |a Панкратов  |b В. С.  |g Владимир Семенович 
801 1 |a RU  |b 63413507  |c 20230217 
942 |c BK